Проблемы использования информационных технологий в обучении и воспитании; Информационные технологии в науке, управлении, социальной сфере и медицине; Ч. 2
| Parent link: | Информационные технологии в науке, управлении, социальной сфере и медицине: сборник научных трудов Международной конференции с международным участием , 29 апреля - 2 мая 2014 г., Томск/ Национальный исследовательский Томский политехнический университет (ТПУ).— , 2014 Ч. 2.— 2014.— [С. 174-175] |
|---|---|
| Main Author: | |
| Corporate Author: | |
| Other Authors: | |
| Summary: | Заглавие с титульного экрана The article describes the relationship of information society technologies in conjunction with developmental technology education, ways of its reorganization levels, content, programs and goals. The transition to an information society by improving the quality of the world information space is presented as a process of personal information culture, allowing qualitatively and efficiently manage the process of training and education, representing an effective education that determines the further growth of the individual. |
| Language: | Russian |
| Published: |
2014
|
| Subjects: | |
| Online Access: | http://www.lib.tpu.ru/fulltext/c/2014/C24/V2/004.pdf |
| Format: | MixedMaterials Electronic Book Chapter |
| KOHA link: | https://koha.lib.tpu.ru/cgi-bin/koha/opac-detail.pl?biblionumber=607812 |
MARC
| LEADER | 00000naa2a2200000 4500 | ||
|---|---|---|---|
| 001 | 607812 | ||
| 005 | 20260313140304.0 | ||
| 035 | |a (RuTPU)RU\TPU\conf\5218 | ||
| 035 | |a RU\TPU\conf\5217 | ||
| 090 | |a 607812 | ||
| 100 | |a 20140902d2014 k y0rusy50 ca | ||
| 101 | 0 | |a rus | |
| 102 | |a RU | ||
| 135 | |a drnn ---uucaa | ||
| 181 | 0 | |a i | |
| 182 | 0 | |a b | |
| 200 | 1 | |a Проблемы использования информационных технологий в обучении и воспитании |f П. А. Князев, Е. А. Грахова |d Problems of information technology in training and education | |
| 203 | |a Текст |c электронный | ||
| 300 | |a Заглавие с титульного экрана | ||
| 320 | |a [Библиогр.: с. 175 (3 назв.)] | ||
| 330 | |a The article describes the relationship of information society technologies in conjunction with developmental technology education, ways of its reorganization levels, content, programs and goals. The transition to an information society by improving the quality of the world information space is presented as a process of personal information culture, allowing qualitatively and efficiently manage the process of training and education, representing an effective education that determines the further growth of the individual. | ||
| 337 | |a Adobe Reader | ||
| 461 | 1 | |0 (RuTPU)RU\TPU\conf\4263 |t Информационные технологии в науке, управлении, социальной сфере и медицине |o сборник научных трудов Международной конференции с международным участием , 29 апреля - 2 мая 2014 г., Томск |o в 2 ч. |f Национальный исследовательский Томский политехнический университет (ТПУ) |d 2014 | |
| 463 | 1 | |0 (RuTPU)RU\TPU\conf\4265 |t Ч. 2 |v [С. 174-175] |d 2014 | |
| 510 | 1 | |a Problems of information technology in training and education |z eng | |
| 610 | 1 | |a труды учёных ТПУ | |
| 610 | 1 | |a электронный ресурс | |
| 610 | 1 | |a использование | |
| 610 | 1 | |a информационные технологии | |
| 610 | 1 | |a обучение | |
| 610 | 1 | |a воспитание | |
| 700 | 1 | |a Князев |b П. А. | |
| 701 | 1 | |a Грахова |b Е. А. |c экономист |c ассистент Томского политехнического университета |f 1981- |g Елена Александровна |3 (RuTPU)RU\TPU\pers\31872 | |
| 712 | 0 | 2 | |a Национальный исследовательский Томский политехнический университет (ТПУ) |b Институт социально-гуманитарных технологий (ИСГТ) |b Кафедра менеджмента (МЕН) |3 (RuTPU)RU\TPU\col\18855 |
| 801 | 2 | |a RU |b 63413507 |c 20140904 |g RCR | |
| 856 | 4 | |u http://www.lib.tpu.ru/fulltext/c/2014/C24/V2/004.pdf | |
| 942 | |c BK | ||